[Event "Voronezh op-B 23rd"]
[Site "Voronezh"]
[Date "2019.06.15"]
[Round "4"]
[White "Yudakov, Alexey"]
[Black "Kuritsina, Zlata"]
[Result "1/2-1/2"]
[WhiteElo "1654"]
[BlackElo "1474"]
[PlyCount "76"]
[EventDate "2019.06.12"]
[EventType "swiss"]
[EventRounds "9"]
[EventCountry "RUS"]
[SourceTitle "EXT 2020"]
[Source "ChessBase"]
[SourceDate "2019.10.17"]
[SourceVersion "1"]
[SourceVersionDate "2019.10.17"]
[SourceQuality "1"]

1. e4 c5 2. Nc3 g6 3. g3 Bg7 4. Bg2 Nc6 5. d3 e6 6. Be3 d6 7. Qd2 Nge7 8. Nge2 0-0 9. Bh6 a6 10. Bxg7 Kxg7 11. 0-0 b5 12. f4 Bb7 13. g4 f5 14. exf5 exf5 15. g5 Qc7 16. d4 Rad8 17. d5 Na5 18. b3 Bc8 19. Rfe1 Rde8 20. Ng3 Bd7 21. Re3 Nc8 22. Rae1 Rxe3 23. Rxe3 Re8 24. h4 Qd8 25. h5 Rxe3 26. h6+ Kg8 27. Qxe3 Qe7 28. Nd1 Qxe3+ 29. Nxe3 Nb7 30. Kf2 Kf7 31. Ke2 b4 32. Kd2 Na7 33. c3 a5 34. c4 Kf8 35. Ke2 Ke7 36. Kd2 Kf8 37. Ke2 Ke7 38. Kd2 Kf8 1/2-1/2

[Event "Voronezh op-B 22nd"]
[Site "Voronezh"]
[Date "2018.06.16"]
[Round "5"]
[White "Yudin, Sergei"]
[Black "Kuritsina, Zlata"]
[Result "1-0"]
[WhiteElo "1699"]
[BlackElo "1508"]
[PlyCount "38"]
[EventDate "2018.06.12"]
[EventType "swiss"]
[EventRounds "9"]
[EventCountry "RUS"]
[SourceTitle "CBM 185 Extra"]
[Source "ChessBase"]
[SourceDate "2018.07.29"]
[SourceVersion "1"]
[SourceVersionDate "2018.07.29"]
[SourceQuality "1"]

1. d4 d5 2. c4 e6 3. Nc3 Nf6 4. cxd5 Nxd5 5. e4 Nxc3 6. bxc3 c5 7. d5 Bd6 8. Bb5+ Bd7 9. Bxd7+ Qxd7 10. Nf3 exd5 11. exd5 0-0 12. 0-0 Qf5 13. c4 Nd7 14. Bb2 Rab8 15. a4 b6 16. Rc1 a6 17. Qb3 Rb7 18. Rc2 b5 19. axb5 axb5 1-0